000 00270nam a22001217a 4500
008 170719b xxu||||| |||| 00| 0 eng d
041 _aeng
080 _a2
100 _a24
101 _aTEO
245 _aCHRISTOLOGY OF THE LATER FATHERS
_cHARDY, E.R
942 _2udc
_cBK
999 _c21528
_d21528